Planets - Pictures - Statistics

General Stats
  • This quiz has been taken 24 times
  • The average score is 6 of 8
Answer Stats
Picture Answer % Correct
Earth
100%
Mars
90%
Saturn
81%
Neptune
76%
Uranus
76%
Jupiter
71%
Mercury
71%
Venus
71%
No matching quizzes found
Score Distribution
Percent of People with Each Score
Percentile by Number Answered
Your Score History
You have not taken this quiz